Alle ausländischen Bundesligatrainer seit 2011 - Statistiken

Allgemein
  • Dieses Quiz wurde 62 mal gespielt
  • Das Durchschnittsergebnis liegt bei 23 aus 40
Antwortstatistiken
Nationalität Vereine Spiele Debüt Saisons Punkteschnitt Trainername % Korrekt
Kroatien Frankfurt, Bayern, Wolfsburg 181 2016 7 1,51 Kovac
90%
Spanien Leverkusen 58 2022 2 2,22 Alonso
88%
Italien Bayern 40 2016 2 2,38 Ancelotti
88%
Spanien Bayern 102 2013 3 2,52 Guardiola
86%
Österreich Köln, Dortmund 135 2014 4 1,24 Stöger
86%
Ungarn Hertha 186 2015 8 1,30 Dardai
84%
Niederlande Dortmund, Leverkusen 92 2017 4 1,73 Bosz
78%
Türkei Stuttgart, Hannover, Leverkusen, Hertha 91 2015 6 1,20 Korkut
78%
Österreich Ingolstadt, Leipzig, Wolfsburg 108 2015 4 1,59 Hasenhüttl
76%
Italien Schalke 27 2014 1 1,48 Di Matteo
73%
Schweiz Union 147 2019 5 1,47 Fischer
71%
Österreich Wolfsburg, Frankfurt 136 2019 4 1,49 Glasner
71%
Dänemark Mainz 96 2021 4 1,33 Svensson
71%
USA Leipzig 14 2021 1 1,29 Marsch
69%
Schweiz Gladbach, Leverkusen 74 2021 3 1,38 Seoane
69%
Italien Schalke, Leipzig 84 2017 4 1,56 Tedesco
69%
Österreich Frankfurt, Gladbach 136 2018 4 1,50 Hütter
67%
Schweiz Augsburg, Wolfsburg, Mainz 131 2015 6 1,21 Schmidt
67%
Griechenland Schalke 11 2021 1 0,64 Grammozis
65%
Frankreich Bayern 1 2017 1 1,00 Sagnol
65%
Niederlande Bayern, Wolfsburg 21 2011 3 1,52 Jonker
63%
Frankreich Wolfsburg 15 2016 1 1,07 Ismael
61%
Finnland Leverkusen 29 2013 1 1,66 Hyypiä
59%
Kroatien Union 20 2023 1 1,15 Bjelica
57%
USA Schalke 36 2019 2 1,08 Wagner
57%
Niederlande Wolfsburg 9 2021 1 1,44 van Bommel
55%
USA Hoffenheim, Stuttgart 124 2020 4 1,13 Matarazzo
51%
Norwegen Köln 30 2011 1 0,97 Solbakken
51%
Niederlande Hoffenheim 30 2019 1 1,43 Schreuder
47%
Argentinien HSV 3 2011 2 1,00 Cardoso
45%
Kroatien Hertha 12 2019 1 0,92 Covic
45%
Bulgarien Kaiserslautern 8 2012 1 0,38 Balakov
43%
Dänemark Mainz 21 2014 1 1,05 Hjulmand
43%
Dänemark Augsburg 25 2023 1 1,36 Thorup
43%
Dänemark HSV 1 2011 1 3,00 Arnesen
39%
Niederlande Nürnberg 22 2013 1 0,91 Verbeek
33%
Dänemark Mainz 11 2024 1 1,55 Henriksen
31%
Schottland Hertha 1 2022 1 3,00 Fotheringham
8%
Bulgarien Bielefeld 1 2022 1 0,00 Gruev
6%
Ukraine Werder 62 2014 3 1,24 Skypnyk
0%
Keine übereinstimmenden Quizze gefunden
Verteilung der Resultate
Anzahl Personen mit jedem Resultat
Perzentil nach korrekt beantworteten Fragen
Ihre Resultats-Entwicklung
Sie haben dieses Quiz noch nicht gespielt